000
00312 a2200145 4500
001
164333
020
_a
040
_c
Magnum
100
_a
Weineck, J.
240
1
0
_a
Anatomia aplicada ao esporte
_l
por
245
1
0
_a
Anatomia aplicada ao esporte
362
0
_a
1899
697
_a
EDUCACAO FISICA
942
_c
BK
999
_c
164333
_d
164333